[Event "Doeberl Cup Minor 48th"]
[Site "Canberra"]
[Date "2010.04.05"]
[Round "7"]
[White "Mason, Stuart"]
[Black "Mugford, Stephen"]
[Result "1-0"]
[WhiteElo "1271"]
[BlackElo "1379"]
[PlyCount "145"]
[EventDate "2010.04.02"]
[EventType "swiss"]
[EventRounds "7"]
[EventCountry "AUS"]
[SourceTitle "EXT 2012"]
[Source "ChessBase"]
[SourceDate "2011.11.24"]
[SourceVersion "1"]
[SourceVersionDate "2011.11.24"]
[SourceQuality "1"]

1. e4 e6 2. Nc3 d5 3. Nf3 Nf6 4. e5 Nfd7 5. d4 c5 6. dxc5 Nc6 7. Bf4 Nxc5 8. a3 Ne7 9. b4 Nd7 10. Bd3 a6 11. Qe2 Ng6 12. Bg3 Be7 13. 0-0 0-0 14. Nd4 Qc7 15. Nb1 b5 16. Nd2 Nb6 17. f4 Qc3 18. N2b3 f5 19. Be1 Qc7 20. g3 Na4 21. Bf2 Bd7 22. Qe3 Nb2 23. Ra2 Nc4 24. Qe2 Nh8 25. Nd2 a5 26. bxa5 Rxa5 27. a4 Rfa8 28. Bxc4 bxc4 29. Rb1 g6 30. Rab2 Bc5 31. Rb7 Qc8 32. N2f3 Rxa4 33. Qf1 R4a7 34. Rxa7 Bxa7 35. Qh3 Nf7 36. Qh4 Rb8 37. Ra1 Bb6 38. Qh3 Ra8 39. Rb1 Qa6 40. Qf1 Nh6 41. h4 Ng4 42. h5 Nxf2 43. Kxf2 Qa2 44. Rxb6 Qa7 45. Rb1 gxh5 46. Kg2 Kh8 47. Rd1 Rg8 48. Qh1 Qa3 49. Qh4 Qf8 50. Qxh5 Rg6 51. Rh1 Qg7 52. Ng5 h6 53. Qh4 Kg8 54. Ngf3 Rg4 55. Qh3 Rxf4 56. Qxh6 Rg4 57. Qxg7+ Rxg7 58. Kf2 Kf7 59. Rh6 Ke7 60. Nh4 Rg4 61. Ng6+ Kf7 62. Nf4 Ke7 63. c3 Bc8 64. Rh7+ Ke8 65. Rh8+ Kd7 66. Ndxe6 Bb7 67. Rh7+ Kc6 68. Nd4+ Kb6 69. Nxf5 Rg5 70. Rh5 Rg8 71. Nd4 Re8 72. e6 Bc8 73. Nxd5+ 1-0

[Event "Doeberl Cup Minor 48th"]
[Site "Canberra"]
[Date "2010.04.04"]
[Round "6"]
[White "Mugford, Stephen"]
[Black "Zhang, Yijun"]
[Result "0-1"]
[WhiteElo "1379"]
[BlackElo "1261"]
[PlyCount "78"]
[EventDate "2010.04.02"]
[EventType "swiss"]
[EventRounds "7"]
[EventCountry "AUS"]
[SourceTitle "EXT 2012"]
[Source "ChessBase"]
[SourceDate "2011.11.24"]
[SourceVersion "1"]
[SourceVersionDate "2011.11.24"]
[SourceQuality "1"]

1. Nf3 d6 2. d4 Nf6 3. Nc3 g6 4. e4 Bg7 5. Be3 0-0 6. Be2 Nbd7 7. h3 Nb6 8. Qd2 Re8 9. Rd1 Be6 10. d5 Bd7 11. 0-0 Na4 12. Nxa4 Bxa4 13. b3 Bd7 14. Qc1 Nxe4 15. Bd4 Nf6 16. c4 c5 17. Bc3 a6 18. Qa1 b5 19. cxb5 axb5 20. Nd2 b4 21. Bb2 Qa5 22. a4 bxa3 23. Nc4 Qb4 24. Bc3 Qxb3 25. Rb1 Qc2 26. Bd1 Qd3 27. Nb6 Rab8 28. Re1 Bf5 29. Rb3 Qa6 30. g4 Bd3 31. Rxa3 Qxb6 32. Ba4 Red8 33. Rxe7 Qb1+ 34. Kh2 Qxa1 35. Bxa1 Bc4 36. Bc6 Nxd5 37. Bxd5 Bxd5 38. Bxg7 Kxg7 39. Kg3 Rb3+ 0-1